<?xml version="1.0" encoding="UTF-8"?><?xml-stylesheet type="text/xsl" href="static/style.xsl"?><OAI-PMH xmlns="http://www.openarchives.org/OAI/2.0/" xmlns:xsi="http://www.w3.org/2001/XMLSchema-instance" xsi:schemaLocation="http://www.openarchives.org/OAI/2.0/ http://www.openarchives.org/OAI/2.0/OAI-PMH.xsd"><responseDate>2026-04-17T22:15:59Z</responseDate><request verb="GetRecord" identifier="oai:www.recercat.cat:10256/16969" metadataPrefix="marc">https://recercat.cat/oai/request</request><GetRecord><record><header><identifier>oai:recercat.cat:10256/16969</identifier><datestamp>2024-06-18T12:40:33Z</datestamp><setSpec>com_2072_452955</setSpec><setSpec>com_2072_2054</setSpec><setSpec>col_2072_453079</setSpec></header><metadata><record xmlns="http://www.loc.gov/MARC21/slim" xmlns:dcterms="http://purl.org/dc/terms/" xmlns:xsi="http://www.w3.org/2001/XMLSchema-instance" xmlns:doc="http://www.lyncode.com/xoai" xsi:schemaLocation="http://www.loc.gov/MARC21/slim http://www.loc.gov/standards/marcxml/schema/MARC21slim.xsd">
   <leader>00925njm 22002777a 4500</leader>
   <datafield ind2=" " ind1=" " tag="042">
      <subfield code="a">dc</subfield>
   </datafield>
   <datafield ind2=" " ind1=" " tag="720">
      <subfield code="a">Barrot, Joan</subfield>
      <subfield code="e">author</subfield>
   </datafield>
   <datafield ind2=" " ind1=" " tag="720">
      <subfield code="a">Mata Cases, Manel</subfield>
      <subfield code="e">author</subfield>
   </datafield>
   <datafield ind2=" " ind1=" " tag="720">
      <subfield code="a">Franch Nadal, Josep</subfield>
      <subfield code="e">author</subfield>
   </datafield>
   <datafield ind2=" " ind1=" " tag="720">
      <subfield code="a">Mundet Tudurí, X.</subfield>
      <subfield code="e">author</subfield>
   </datafield>
   <datafield ind2=" " ind1=" " tag="720">
      <subfield code="a">Casellas, A.</subfield>
      <subfield code="e">author</subfield>
   </datafield>
   <datafield ind2=" " ind1=" " tag="720">
      <subfield code="a">Fernández-Real Lemos, José Manuel</subfield>
      <subfield code="e">author</subfield>
   </datafield>
   <datafield ind2=" " ind1=" " tag="720">
      <subfield code="a">Mauricio, Didac</subfield>
      <subfield code="e">author</subfield>
   </datafield>
   <datafield ind2=" " ind1=" " tag="260">
      <subfield code="c">2015-01-01</subfield>
   </datafield>
   <datafield ind2=" " ind1=" " tag="520">
      <subfield code="a">Older subjects with type 2 diabetes mellitus (T2DM) have differential characteristics compared with middle-aged or younger populations, and require tailored management of the disease. Aims To evaluate how clinical characteristics, degree of control of glycaemia and cardiovascular risk factors, presence of chronic complications and treatments differ between older T2DM patients and younger adults. Methods Cross-sectional study using data from a population-based electronic database. We retrieved data from 318,020 patients ≥ 30 years diagnosed with T2DM, attended during 2011 in primary care centres in Catalonia, Spain. We performed descriptive and comparative analyses stratified by gender and age subgroups: ≤ 65, 66-75, 76-85 and >85 years. Results Both men and women across older age subgroups (> 65 years) had longer diabetes duration than younger adults (8.0 vs. 5.6 in men and 8.4 vs. 6.9 years in women; p &lt; 0.001), but better glycaemic control (mean glycated haemoglobin 7.1 vs. 7.7 in men and 7.1 vs. 7.4 in women; p &lt; 0.001), and better combined control of different cardiovascular risk factors (p &lt; 0.001). Moreover, older patients were more likely to achieve glycaemic targets irrespective of having cardiovascular disease. The use of oral antidiabetics decreased with increasing age, and insulin in monotherapy was more frequently prescribed among patients in the older age subgroups. Diabetes-related complications were more frequent in men of all group ages. In the older age subgroups, patients of both sexes had a longer duration of T2DM but better glycaemic control. In this context, the prevalence of diabetic retinopathy decreased unexpectedly with increasing age. Conclusion Control of glycaemia and cardiovascular risk factors was better among older T2DM patients. There is a need for prospective studies to quantify the weight of risk factors in each complication to adapt the therapeutic and care approaches in elderly people</subfield>
   </datafield>
   <datafield ind1="8" ind2=" " tag="024">
      <subfield code="a">http://hdl.handle.net/10256/16969</subfield>
   </datafield>
   <datafield tag="653" ind2=" " ind1=" ">
      <subfield code="a">Diabetis no-insulinodependent</subfield>
   </datafield>
   <datafield tag="653" ind2=" " ind1=" ">
      <subfield code="a">Non-insulin-dependent diabetes</subfield>
   </datafield>
   <datafield tag="653" ind2=" " ind1=" ">
      <subfield code="a">Sistema cardiovascular -- Malalties</subfield>
   </datafield>
   <datafield tag="653" ind2=" " ind1=" ">
      <subfield code="a">Cardiovascular system -- Diseases</subfield>
   </datafield>
   <datafield ind2="0" ind1="0" tag="245">
      <subfield code="a">Older type 2 diabetic patients are more likely to achieve glycaemic and cardiovascular risk factors targets than younger patients: Analysis of a primary care database</subfield>
   </datafield>
</record></metadata></record></GetRecord></OAI-PMH>